[Event "NOR-ch Blitz"]
[Site "Drammen"]
[Date "2023.01.06"]
[Round "3"]
[White "Kizatbay, Alseit"]
[Black "Gvein, Kenneth"]
[Result "1/2-1/2"]
[WhiteElo "1973"]
[BlackElo "2151"]
[PlyCount "121"]
[EventDate "2023.01.06"]
[EventType "swiss (blitz)"]
[EventRounds "9"]
[EventCountry "NOR"]
[SourceTitle "CBM 212 Extra"]
[Source "ChessBase"]
[SourceDate "2023.03.31"]
[SourceVersion "1"]
[SourceVersionDate "2023.03.31"]
[SourceQuality "1"]

1. d4 Nf6 2. Nf3 e6 3. g3 d5 4. Bg2 c5 5. 0-0 Nc6 6. b3 Be7 7. dxc5 Bxc5 8. Bb2 Qe7 9. Nbd2 0-0 10. Re1 Rd8 11. Qc1 b6 12. c4 Bb7 13. cxd5 exd5 14. e3 Rac8 15. a3 Bd6 16. Qb1 Ba6 17. Nd4 Nxd4 18. Bxd4 Be5 19. Nf3 Bxd4 20. Nxd4 Ne4 21. Qb2 Qf6 22. Rac1 Bd3 23. Red1 Ba6 24. b4 Bc4 25. f3 Nd6 26. Bf1 h6 27. Rc2 Re8 28. Kf2 Ne4+ 29. Kg2 Ng5 30. h4 Ne6 31. Bxc4 dxc4 32. Nxe6 Qxe6 33. Qc3 Qxe3 34. Qxe3 Rxe3 35. Rdc1 Rxa3 36. Rxc4 Rxc4 37. Rxc4 Ra4 38. Rc8+ Kh7 39. Rc7 Kg6 40. h5+ Kxh5 41. Rxf7 Kg6 42. Rc7 Rxb4 43. Rxa7 Rb2+ 44. Kh3 b5 45. Kg4 Rb4+ 46. f4 Rb1 47. Ra6+ Kf7 48. Kf5 b4 49. Ra7+ Ke8 50. Kg6 Rg1 51. Rxg7 Rxg3+ 52. Kxh6 Rxg7 53. Kxg7 b3 54. f5 b2 55. f6 b1Q 56. f7+ Kd7 57. f8Q Qg1+ 58. Kh6 Qe3+ 59. Kg6 Qe4+ 60. Qf5+ Qxf5+ 61. Kxf5 1/2-1/2

[Event "Helsingor Xtracon op"]
[Site "Helsingor"]
[Date "2018.07.25"]
[Round "6"]
[White "Ivarsson, Torbjorn"]
[Black "Kizatbay, Alseit"]
[Result "1-0"]
[WhiteElo "2161"]
[BlackElo "1932"]
[PlyCount "47"]
[EventDate "2018.07.21"]
[EventType "swiss"]
[EventRounds "10"]
[EventCountry "DEN"]
[SourceTitle "CBM 185 Extra"]
[Source "ChessBase"]
[SourceDate "2018.07.29"]
[SourceVersion "1"]
[SourceVersionDate "2018.07.29"]
[SourceQuality "1"]

1. d4 Nf6 2. Bf4 d5 3. e3 c5 4. c3 Nc6 5. Nd2 e6 6. Bd3 Bd6 7. Bxd6 Qxd6 8. f4 cxd4 9. cxd4 0-0 10. a3 Ne7 11. Qe2 Bd7 12. Ngf3 b5 13. 0-0 Rfb8 14. Ne5 a5 15. g4 b4 16. a4 Bc8 17. g5 Ne4 18. Nxe4 dxe4 19. Bxe4 Nf5 20. Qh5 Ra7 21. Rac1 Rc7 22. Rc6 Rxc6 23. Qxf7+ Kh8 24. Qe8+ 1-0

[Event "NOR-ch U20"]
[Site "Stavanger"]
[Date "2017.07.04"]
[Round "5"]
[White "Olsen, Ulrik"]
[Black "Kizatbay, Alseit"]
[Result "0-1"]
[WhiteElo "1913"]
[BlackElo "1952"]
[PlyCount "60"]
[EventDate "2017.07.01"]
[EventType "swiss"]
[EventRounds "9"]
[EventCountry "NOR"]
[SourceTitle "EXT 2018"]
[Source "ChessBase"]
[SourceDate "2017.10.13"]
[SourceVersion "1"]
[SourceVersionDate "2017.10.13"]
[SourceQuality "1"]

1. Nf3 d5 2. g3 g6 3. Bg2 Bg7 4. d4 Nf6 5. 0-0 0-0 6. c3 b6 7. Nbd2 Bb7 8. Re1 Nbd7 9. a4 a6 10. b4 Rc8 11. b5 axb5 12. axb5 Ra8 13. Ba3 Re8 14. c4 c5 15. bxc6 Bxc6 16. cxd5 Bxd5 17. e4 Bb7 18. e5 Nd5 19. e6 fxe6 20. Ng5 Nf8 21. Bh3 Nc7 22. Ndf3 h6 23. Nxe6 Nfxe6 24. Bxe6+ Nxe6 25. Rxe6 Qd5 26. Re3 Rf8 27. Kg2 Qxd4 28. Qxd4 Bxd4 29. Rae1 Bxe3 30. Rxe3 Rxf3 0-1

[Event "NOR-ch U20"]
[Site "Stavanger"]
[Date "2017.07.03"]
[Round "3"]
[White "Greibrokk, Ingrid Andrea"]
[Black "Kizatbay, Alseit"]
[Result "0-1"]
[WhiteElo "1868"]
[BlackElo "1952"]
[PlyCount "126"]
[EventDate "2017.07.01"]
[EventType "swiss"]
[EventRounds "9"]
[EventCountry "NOR"]
[SourceTitle "EXT 2018"]
[Source "ChessBase"]
[SourceDate "2017.10.13"]
[SourceVersion "1"]
[SourceVersionDate "2017.10.13"]
[SourceQuality "1"]

1. d3 c5 2. g3 g6 3. Bg2 Bg7 4. e4 d6 5. Ne2 Nc6 6. 0-0 e6 7. c3 Nge7 8. Be3 0-0 9. Nd2 b6 10. f4 Ba6 11. Nf3 Rc8 12. Qd2 e5 13. Rfe1 d5 14. Nxe5 Nxe5 15. fxe5 dxe4 16. d4 Bd3 17. Nf4 cxd4 18. Bxd4 Nc6 19. Nxd3 Nxd4 20. Rxe4 Ne6 21. Rd1 Qe7 22. Kh1 Rfd8 23. Qe2 Nc5 24. Rd4 Re8 25. Nxc5 Rxc5 26. Rd7 Rxe5 27. Qf3 Qf6 28. Qxf6 Bxf6 29. Rf1 R8e7 30. Rxe7 Bxe7 31. c4 Kg7 32. Bd5 f5 33. Kg2 Bc5 34. Bf3 Kf6 35. Rd1 g5 36. h3 Re6 37. b3 Rd6 38. Rxd6+ Bxd6 39. g4 f4 40. Bd5 Ke5 41. Kf3 Kd4 42. Be4 h6 43. Bd5 Kd3 44. Bc6 Kc3 45. Bd5 Kb2 46. Ke4 a5 47. Kf5 Bc5 48. h4 Kxa2 49. b4 a4 50. bxc5 bxc5 51. hxg5 hxg5 52. Kxg5 a3 53. Kh6 Kb3 54. g5 a2 55. g6 a1Q 56. g7 Qf6+ 57. Kh7 f3 58. g8Q Qh4+ 59. Kg7 Qg5+ 60. Kh7 Qxg8+ 61. Kxg8 f2 62. Bg2 Kxc4 63. Kf7 Kd4 0-1

[Event "NOR-ch U20"]
[Site "Stavanger"]
[Date "2017.07.03"]
[Round "4"]
[White "Kizatbay, Alseit"]
[Black "Machlik, Monika"]
[Result "0-1"]
[WhiteElo "1952"]
[BlackElo "2049"]
[PlyCount "80"]
[EventDate "2017.07.01"]
[EventType "swiss"]
[EventRounds "9"]
[EventCountry "NOR"]
[SourceTitle "EXT 2018"]
[Source "ChessBase"]
[SourceDate "2017.10.13"]
[SourceVersion "1"]
[SourceVersionDate "2017.10.13"]
[SourceQuality "1"]

1. e4 c6 2. d4 d5 3. e5 Bf5 4. Nf3 e6 5. a3 c5 6. Bb5+ Nc6 7. 0-0 Bg4 8. dxc5 Bxc5 9. c3 Nge7 10. b4 Bb6 11. Nbd2 0-0 12. h3 Bh5 13. g4 Bg6 14. Bb2 Rc8 15. Re1 Bxf2+ 16. Kxf2 Qb6+ 17. Re3 Qxb5 18. a4 Qb6 19. Qe2 d4 20. cxd4 Nxb4 21. a5 Nd3+ 22. Rxd3 Qxb2 23. Rda3 Nd5 24. h4 Nc3 25. Qe3 Qxa3 26. Rxa3 Nd1+ 27. Ke2 Nxe3 28. Kxe3 h6 29. h5 Bh7 30. g5 hxg5 31. Nxg5 Rc6 32. Nge4 Bxe4 33. Nxe4 Rfc8 34. Kf4 Rc1 35. Rb3 R8c7 36. Nc5 Rc4 37. Nxb7 Rxd4+ 38. Ke3 Rh4 39. Rb5 Rc3+ 40. Kd2 Rg3 0-1

[Event "NOR-ch U20"]
[Site "Stavanger"]
[Date "2017.07.02"]
[Round "2"]
[White "Kizatbay, Alseit"]
[Black "Kyrkjebo, Hannah Bakken"]
[Result "1/2-1/2"]
[WhiteElo "1952"]
[BlackElo "1923"]
[PlyCount "60"]
[EventDate "2017.07.01"]
[EventType "swiss"]
[EventRounds "9"]
[EventCountry "NOR"]
[SourceTitle "EXT 2018"]
[Source "ChessBase"]
[SourceDate "2017.10.13"]
[SourceVersion "1"]
[SourceVersionDate "2017.10.13"]
[SourceQuality "1"]

1. Nf3 d5 2. g3 Nf6 3. Bg2 c6 4. b3 Bg4 5. Bb2 Nbd7 6. d3 e6 7. Nbd2 Be7 8. 0-0 0-0 9. c4 a5 10. Qc2 a4 11. a3 axb3 12. Nxb3 Ra6 13. a4 Qa8 14. h3 dxc4 15. dxc4 Bf5 16. Qc3 Rxa4 17. Nh4 Rxa1 18. Rxa1 Qc8 19. Nxf5 exf5 20. e4 Nc5 21. Nxc5 Bxc5 22. Qe5 Bb6 23. Qxf5 Qxf5 24. exf5 Re8 25. Bxf6 gxf6 26. Rb1 Bd4 27. Rxb7 Re2 28. Bxc6 Rxf2 29. Bd5 Rxf5+ 30. Kg2 Rf2+ 1/2-1/2

[Event "Nordic-ch U20"]
[Site "Drammen"]
[Date "2017.02.19"]
[Round "5"]
[White "Helander, Benjamin"]
[Black "Kizatbay, Alseit"]
[Result "1/2-1/2"]
[WhiteElo "1914"]
[BlackElo "1948"]
[PlyCount "87"]
[EventDate "2017.02.17"]
[EventType "swiss"]
[EventRounds "6"]
[EventCountry "NOR"]
[SourceTitle "CBM 176 Extra"]
[Source "ChessBase"]
[SourceDate "2017.03.02"]
[SourceVersion "1"]
[SourceVersionDate "2017.03.02"]
[SourceQuality "1"]

1. e4 c5 2. Nf3 d6 3. d4 cxd4 4. Nxd4 Nf6 5. Nc3 a6 6. Be2 e5 7. Nb3 Be6 8. 0-0 Be7 9. Be3 0-0 10. Qd3 Nbd7 11. Nd5 Bxd5 12. exd5 Rc8 13. c4 Ne8 14. Rac1 f5 15. f4 g6 16. Qd2 b6 17. a4 a5 18. fxe5 dxe5 19. Rc2 Nc5 20. Nxc5 Bxc5 21. Bxc5 Rxc5 22. b4 axb4 23. Qxb4 Qc7 24. Rb1 Rf6 25. Rcb2 Ra5 26. Qa3 Qc5+ 27. Qxc5 bxc5 28. Rb5 Rfa6 29. Rb8 Kf8 30. R1b5 Rxa4 31. Rxc5 Ra8 32. Rcc8 Rxb8 33. Rxb8 Ke7 34. c5 Ra1+ 35. Kf2 Ra2 36. Rb7+ Kd8 37. Ke1 Ra1+ 38. Kd2 Nf6 39. Bb5 Ne4+ 40. Kc2 Nxc5 41. Rxh7 Ra2+ 42. Kc3 Rxg2 43. Kb4 Ne4 44. d6 1/2-1/2

[Event "Nordic-ch U20"]
[Site "Drammen"]
[Date "2017.02.18"]
[Round "3"]
[White "Kizatbay, Alseit"]
[Black "Nielsen, Hogni Egilstoft"]
[Result "0-1"]
[WhiteElo "1948"]
[BlackElo "2324"]
[PlyCount "68"]
[EventDate "2017.02.17"]
[EventType "swiss"]
[EventRounds "6"]
[EventCountry "NOR"]
[SourceTitle "CBM 176 Extra"]
[Source "ChessBase"]
[SourceDate "2017.03.02"]
[SourceVersion "1"]
[SourceVersionDate "2017.03.02"]
[SourceQuality "1"]

1. d4 Nf6 2. c4 g6 3. Nc3 Bg7 4. e4 d6 5. f4 0-0 6. Nf3 c5 7. d5 e6 8. Bd3 exd5 9. cxd5 Nbd7 10. 0-0 a6 11. a4 b6 12. Qe1 Re8 13. Qh4 Qc7 14. Nd2 Rb8 15. Nc4 b5 16. axb5 axb5 17. Nxd6 Qxd6 18. e5 Qf8 19. Bxb5 Nxd5 20. Nxd5 Rxb5 21. Nc7 Rb8 22. Nxe8 Qxe8 23. Rd1 Bb7 24. Ra3 Nf8 25. Rad3 Qc6 26. Qf2 Ne6 27. b3 Nd4 28. Bb2 Ba6 29. R3d2 Bf8 30. h4 Rxb3 31. Kh2 Nf5 32. Re1 Nh6 33. Kh1 Ng4 34. Qg1 Rh3+ 0-1

[Event "Helsingor Xtracon op"]
[Site "Helsingor"]
[Date "2016.07.29"]
[Round "8"]
[White "Walton, Alan J"]
[Black "Kizatbay, Alseit"]
[Result "1/2-1/2"]
[WhiteElo "2201"]
[BlackElo "1945"]
[PlyCount "65"]
[EventDate "2016.07.23"]
[EventType "swiss"]
[EventRounds "10"]
[EventCountry "DEN"]
[SourceTitle "CBM 173 Extra"]
[Source "ChessBase"]
[SourceDate "2016.08.29"]
[SourceVersion "1"]
[SourceVersionDate "2016.08.29"]
[SourceQuality "1"]

1. d4 d5 2. c4 e6 3. Nc3 Nf6 4. cxd5 exd5 5. Bg5 Be7 6. e3 0-0 7. Bd3 Nbd7 8. Nf3 c6 9. Qc2 Re8 10. 0-0 Nf8 11. Rab1 g6 12. b4 Ne6 13. Bh4 b6 14. Ne5 Bb7 15. f4 Nd7 16. Bxe7 Rxe7 17. Nxd7 Qxd7 18. f5 Nc7 19. Qf2 Rae8 20. Rbe1 Ba6 21. Bxa6 Nxa6 22. Qh4 Qd6 23. b5 Nb4 24. Qh6 Qf6 25. bxc6 Rc7 26. Rf3 Rxc6 27. Qh3 Qg7 28. f6 Rxf6 29. Qd7 Rf8 30. Nxd5 Rxf3 31. gxf3 Nxd5 32. Qxd5 Qf6 33. Qe4 1/2-1/2

[Event "Helsingor Xtracon op"]
[Site "Helsingor"]
[Date "2016.07.26"]
[Round "5"]
[White "Kizatbay, Alseit"]
[Black "Leutwyler, Martin"]
[Result "0-1"]
[WhiteElo "1945"]
[BlackElo "2145"]
[PlyCount "88"]
[EventDate "2016.07.23"]
[EventType "swiss"]
[EventRounds "10"]
[EventCountry "DEN"]
[SourceTitle "CBM 173 Extra"]
[Source "ChessBase"]
[SourceDate "2016.08.29"]
[SourceVersion "1"]
[SourceVersionDate "2016.08.29"]
[SourceQuality "1"]

1. d4 Nf6 2. c4 e6 3. Nf3 Bb4+ 4. Bd2 a5 5. Nc3 d5 6. e3 0-0 7. Rc1 Nbd7 8. Bd3 b6 9. cxd5 exd5 10. Qb3 Bb7 11. Ne2 Bd6 12. 0-0 c5 13. Bb5 c4 14. Qa4 Qe7 15. Ng3 g6 16. b3 cxb3 17. axb3 Ba6 18. Rc6 Bxb5 19. Qxb5 Rfc8 20. Rfc1 Qf8 21. R1c2 Kg7 22. Nh4 Kg8 23. Nf3 Qe8 24. Ne2 Kg7 25. Rxc8 Rxc8 26. Rxc8 Qxc8 27. Nc3 Qb7 28. Na4 Qc7 29. Nc3 Qb7 30. Na4 Qa8 31. Ne5 Nxe5 32. dxe5 Bxe5 33. Qxb6 Qc8 34. Nc5 Qf5 35. g3 Qf3 36. Qxa5 Ng4 37. Be1 d4 38. Qd2 dxe3 39. fxe3 Bf6 40. Nd3 Nxe3 41. Qf2 Qe4 42. Nf4 Ng4 43. Qd2 Bd4+ 44. Kf1 Ne3+ 0-1

[Event "Helsingor Xtracon op"]
[Site "Helsingor"]
[Date "2016.07.25"]
[Round "4"]
[White "Vestjord, Harald Christian"]
[Black "Kizatbay, Alseit"]
[Result "0-1"]
[WhiteElo "1608"]
[BlackElo "1945"]
[PlyCount "90"]
[EventDate "2016.07.23"]
[EventType "swiss"]
[EventRounds "10"]
[EventCountry "DEN"]
[SourceTitle "CBM 173 Extra"]
[Source "ChessBase"]
[SourceDate "2016.08.29"]
[SourceVersion "1"]
[SourceVersionDate "2016.08.29"]
[SourceQuality "1"]

1. d4 Nf6 2. c4 e6 3. Nc3 Bb4 4. Qc2 c5 5. dxc5 Bxc5 6. Bf4 0-0 7. e3 b6 8. Nf3 Bb7 9. Be2 Be7 10. 0-0 Nh5 11. Bg3 Nxg3 12. hxg3 d6 13. Rfd1 Nd7 14. Rd2 Nf6 15. Rad1 a6 16. b3 Qc7 17. Nd4 Rac8 18. Bf3 Rfd8 19. Bxb7 Qxb7 20. Qb2 Rc5 21. Nde2 Rdc8 22. a4 Ne4 23. Nxe4 Qxe4 24. Qd4 Qc6 25. e4 b5 26. axb5 axb5 27. cxb5 Qxb5 28. Qd3 Qb6 29. Qf3 h6 30. Qe3 Rb8 31. Rb1 Bg5 32. Qd3 Bxd2 33. Qxd2 d5 34. exd5 Rxd5 35. Qc2 Rbd8 36. Qc4 Rc5 37. Qe4 Rf5 38. Nf4 Rb5 39. Qf3 Rb8 40. Ne2 Rxb3 41. Rxb3 Qxb3 42. Qe4 Qd5 43. Qc2 Ra8 44. Qc1 Qe5 45. Qc4 Ra1+ 0-1

[Event "Viljandi Raud Memorial 50th"]
[Site "Viljandi"]
[Date "2016.06.30"]
[Round "4"]
[White "Sirosh, Ilja"]
[Black "Kizatbay, Alseit"]
[Result "1-0"]
[WhiteElo "2271"]
[BlackElo "1929"]
[PlyCount "73"]
[EventDate "2016.06.27"]
[EventType "swiss"]
[EventRounds "9"]
[EventCountry "EST"]
[SourceTitle "CBM 173 Extra"]
[Source "ChessBase"]
[SourceDate "2016.08.29"]
[SourceVersion "1"]
[SourceVersionDate "2016.08.29"]
[SourceQuality "1"]

1. d4 d5 2. c4 e6 3. Nc3 Nf6 4. cxd5 exd5 5. Bg5 Be7 6. e3 0-0 7. Bd3 c6 8. Nf3 Nbd7 9. 0-0 Re8 10. Qc2 h6 11. Bf4 Nb6 12. h3 Be6 13. Bh2 Nc8 14. Na4 Nd7 15. Rab1 Nd6 16. b4 Nc4 17. Bxc4 dxc4 18. Nc5 Bxc5 19. bxc5 b5 20. e4 f5 21. d5 cxd5 22. exf5 Bf7 23. c6 Nb6 24. Be5 a6 25. Qc3 Na4 26. Qd4 Rxe5 27. Qxe5 Rc8 28. Nd4 Nc3 29. Rb2 Qe8 30. Ne6 Bxe6 31. fxe6 Na4 32. Re2 Rxc6 33. e7 Nb6 34. Re3 Rf6 35. Rd1 Rf7 36. Qc7 Nc8 37. Qxc8 1-0

[Event "Viljandi Raud Memorial 50th"]
[Site "Viljandi"]
[Date "2016.06.29"]
[Round "3"]
[White "Kizatbay, Alseit"]
[Black "Urgas, Jaan"]
[Result "1-0"]
[WhiteElo "1929"]
[BlackElo "1720"]
[PlyCount "119"]
[EventDate "2016.06.27"]
[EventType "swiss"]
[EventRounds "9"]
[EventCountry "EST"]
[SourceTitle "CBM 173 Extra"]
[Source "ChessBase"]
[SourceDate "2016.08.29"]
[SourceVersion "1"]
[SourceVersionDate "2016.08.29"]
[SourceQuality "1"]

1. d4 g6 2. Nf3 Bg7 3. g3 d6 4. Bg2 Nf6 5. 0-0 Nbd7 6. b3 0-0 7. Bb2 c6 8. c4 Ne8 9. Nc3 c5 10. e3 Qa5 11. Qc2 cxd4 12. Nxd4 Qh5 13. Rfd1 Ndf6 14. Nde2 a6 15. Nf4 Qh6 16. Nfd5 e6 17. Nb6 Rb8 18. Nxc8 Rxc8 19. Bxb7 Ng4 20. h4 Rc5 21. Bf3 Ne5 22. Be2 f5 23. f4 Ng4 24. Bxg4 fxg4 25. Ne4 Rc6 26. Bxg7 Qxg7 27. Qe2 d5 28. cxd5 exd5 29. Nf2 h5 30. Rac1 Qf6 31. Nd3 Ng7 32. Rxc6 Qxc6 33. Nb4 Qb7 34. Nxd5 Nf5 35. Qg2 Qc6 36. e4 Qc5+ 37. Qf2 Qxf2+ 38. Kxf2 Ng7 39. e5 Nf5 40. Nf6+ Kf7 41. Rd7+ Ke6 42. Ra7 Ne7 43. Rxa6+ Kf5 44. Nh7 Rc8 45. Ke3 Nd5+ 46. Kd4 Rd8 47. Rd6 Rxd6 48. exd6 Ke6 49. d7 Ne7 50. Nf8+ Kf7 51. Kc5 Kxf8 52. d8Q+ Kf7 53. Qxe7+ Kxe7 54. a4 Ke6 55. a5 Kf5 56. Kd5 g5 57. fxg5 Kg6 58. Ke6 Kh7 59. Kf7 Kh8 60. a6 1-0

[Event "Fagernes TV 2 Elo op"]
[Site "Fagernes"]
[Date "2016.01.02"]
[Round "8"]
[White "Kizatbay, Alseit"]
[Black "Narheim, Mats"]
[Result "1-0"]
[WhiteElo "1905"]
[BlackElo "1356"]
[PlyCount "63"]
[EventDate "2015.12.27"]
[EventType "swiss"]
[EventRounds "9"]
[EventCountry "NOR"]
[SourceTitle "CBM 170 Extra"]
[Source "ChessBase"]
[SourceDate "2016.02.25"]
[SourceVersion "1"]
[SourceVersionDate "2016.02.25"]
[SourceQuality "1"]

1. Nf3 d5 2. g3 Nf6 3. Bg2 Nc6 4. d4 g6 5. 0-0 Bg7 6. c4 e6 7. b3 0-0 8. Bb2 b6 9. Nc3 Bb7 10. cxd5 exd5 11. Re1 Re8 12. e3 Ba6 13. Rc1 Nb4 14. Bf1 Bxf1 15. Rxf1 Nc6 16. Qd3 Ne7 17. Ne2 Nf5 18. Rc2 Qe7 19. Rfc1 Rac8 20. Rc6 Bh6 21. Ne5 Nd7 22. Nf4 Nxe5 23. dxe5 Bxf4 24. exf4 Ng7 25. Qxd5 Red8 26. Qf3 Rd7 27. Qc3 Qd8 28. Re1 Ne6 29. Qf3 Nd4 30. Bxd4 Rxd4 31. e6 fxe6 32. Rcxe6 1-0

[Event "Fagernes TV 2 Elo op"]
[Site "Fagernes"]
[Date "2015.12.31"]
[Round "6"]
[White "Kizatbay, Alseit"]
[Black "Ingebretsen, Jens E"]
[Result "1-0"]
[WhiteElo "1905"]
[BlackElo "1710"]
[PlyCount "83"]
[EventDate "2015.12.27"]
[EventType "swiss"]
[EventRounds "9"]
[EventCountry "NOR"]
[SourceTitle "CBM 170 Extra"]
[Source "ChessBase"]
[SourceDate "2016.02.25"]
[SourceVersion "1"]
[SourceVersionDate "2016.02.25"]
[SourceQuality "1"]

1. d4 d5 2. Nf3 Nf6 3. c4 c6 4. Nc3 e6 5. e3 Nbd7 6. Qc2 Bd6 7. b3 0-0 8. Bd3 Re8 9. 0-0 e5 10. dxe5 Nxe5 11. Nxe5 Bxe5 12. f4 Bc7 13. Ne2 dxc4 14. bxc4 Ng4 15. Bxh7+ Kh8 16. Bf5 Nxe3 17. Bxe3 Bxf5 18. Qxf5 Rxe3 19. Rad1 Qe8 20. Ng3 Rd8 21. Rxd8 Bxd8 22. Qg4 Re1 23. h4 Bb6+ 24. Kh2 Rxf1 25. Nxf1 Kg8 26. Ng3 Bd8 27. Nf5 Bf6 28. Nd6 Qb8 29. Qd7 Kh7 30. g3 Qf8 31. Nxf7 Qe7 32. Qd3+ Kg8 33. Ng5 Bxg5 34. hxg5 a6 35. a4 Qe8 36. g6 b5 37. cxb5 axb5 38. a5 b4 39. a6 b3 40. Qxb3+ Kh8 41. Qd3 Qb8 42. Qe2 1-0

[Event "Fagernes TV 2 Elo op"]
[Site "Fagernes"]
[Date "2015.12.29"]
[Round "3"]
[White "Sjoberg, Isak"]
[Black "Kizatbay, Alseit"]
[Result "1/2-1/2"]
[WhiteElo "1963"]
[BlackElo "1905"]
[PlyCount "95"]
[EventDate "2015.12.27"]
[EventType "swiss"]
[EventRounds "9"]
[EventCountry "NOR"]
[SourceTitle "CBM 170 Extra"]
[Source "ChessBase"]
[SourceDate "2016.02.25"]
[SourceVersion "1"]
[SourceVersionDate "2016.02.25"]
[SourceQuality "1"]

1. e4 c5 2. Nf3 d6 3. d4 cxd4 4. Qxd4 Nc6 5. Bb5 Bd7 6. Bxc6 Bxc6 7. Nc3 Nf6 8. Bg5 Nd7 9. 0-0 Qb6 10. Nd5 Qxd4 11. Nxd4 Bxd5 12. exd5 Nb6 13. Rad1 Kd7 14. Nf5 g6 15. Ne3 Bg7 16. b3 Rac8 17. Rfe1 f6 18. Bf4 Rc5 19. c4 Rcc8 20. Re2 a5 21. Nc2 Na8 22. Rde1 Rhe8 23. Nd4 Nc7 24. Bd2 Ra8 25. h3 f5 26. Ne6 Bf6 27. g4 Nxe6 28. Rxe6 b6 29. Be3 Rab8 30. g5 Bc3 31. Rc1 Bb4 32. h4 Rf8 33. Bf4 Rf7 34. Rc2 Ra8 35. a4 Rc8 36. Rce2 Re8 37. R2e3 Rh8 38. h5 Rg8 39. Rh3 Bc5 40. Kg2 Bd4 41. hxg6 Rxg6 42. Rh6 Rfg7 43. Rxh7 Rxg5+ 44. Bxg5 Rxh7 45. Be3 Rh4 46. Bxd4 Rxd4 47. Re3 Rg4+ 48. Rg3 1/2-1/2

[Event "Fagernes TV 2 Elo op"]
[Site "Fagernes"]
[Date "2015.12.27"]
[Round "1"]
[White "Waerstad, Leif Edvin"]
[Black "Kizatbay, Alseit"]
[Result "0-1"]
[WhiteElo "1572"]
[BlackElo "1905"]
[PlyCount "66"]
[EventDate "2015.12.27"]
[EventType "swiss"]
[EventRounds "9"]
[EventCountry "NOR"]
[SourceTitle "CBM 170 Extra"]
[Source "ChessBase"]
[SourceDate "2016.02.25"]
[SourceVersion "1"]
[SourceVersionDate "2016.02.25"]
[SourceQuality "1"]

1. d4 Nf6 2. Nf3 g6 3. c4 Bg7 4. e3 0-0 5. Be2 d5 6. 0-0 a6 7. Nc3 dxc4 8. Bxc4 b5 9. Bd3 Bb7 10. a3 Nbd7 11. Re1 c5 12. dxc5 Nxc5 13. Bc2 Qc7 14. Qe2 Rfd8 15. Rb1 Nfe4 16. Nxe4 Nxe4 17. Nd4 Rac8 18. Bd3 Nc5 19. Bc2 e5 20. Nb3 Ne6 21. Bd1 Qc6 22. f3 Qb6 23. Bd2 Nf4 24. Qf1 Qa7 25. Ba5 Rd7 26. Kh1 Nd3 27. Re2 Bh6 28. e4 Be3 29. Be1 Rdc7 30. Bc2 Nf4 31. Rxe3 Qxe3 32. Bf2 Qe2 33. Bd3 Qxd3 0-1

[Event "NOR-ch Class2"]
[Site "Oslo"]
[Date "2015.07.09"]
[Round "7"]
[White "Kizatbay, Alseit"]
[Black "Sivaranjan, Aschmirthan"]
[Result "1-0"]
[WhiteElo "1701"]
[BlackElo "1491"]
[PlyCount "65"]
[EventDate "2015.07.04"]
[EventType "swiss"]
[EventRounds "9"]
[EventCountry "NOR"]
[SourceTitle "EXT 2017"]
[Source "ChessBase"]
[SourceDate "2016.10.25"]
[SourceVersion "1"]
[SourceVersionDate "2016.10.25"]
[SourceQuality "1"]

1. d4 Nf6 2. Nf3 g6 3. g3 Bg7 4. Bg2 d6 5. 0-0 0-0 6. c4 Na6 7. Nc3 c5 8. e4 cxd4 9. Nxd4 Nc5 10. h3 Bd7 11. Be3 Qc8 12. Kh2 Ne6 13. Qd3 a6 14. Rac1 Nc5 15. Qb1 Nh5 16. Nd5 Qd8 17. b4 Ne6 18. Nb3 b5 19. c5 dxc5 20. bxc5 Bc6 21. Rfd1 Qe8 22. Na5 Rc8 23. Nb4 Nd8 24. Nxa6 Nb7 25. Nxc6 Qxc6 26. Nb4 Qe6 27. Nd5 Be5 28. f4 Bb8 29. Qxb5 Nd8 30. Nb6 Rc7 31. Nd7 Qxa2 32. Nxf8 Rb7 33. Rxd8 1-0

[Event "NOR-ch U26"]
[Site "Stavanger/Sandnes"]
[Date "2014.11.??"]
[Round "2"]
[White "Overas, Vegard"]
[Black "Kizatbay, Alseit"]
[Result "1/2-1/2"]
[WhiteElo "1711"]
[BlackElo "1592"]
[PlyCount "78"]
[EventDate "2014.11.14"]
[EventType "swiss"]
[EventRounds "6"]
[EventCountry "NOR"]
[SourceTitle "EXT 2024"]
[Source "ChessBase"]
[SourceDate "2023.10.10"]
[SourceVersion "1"]
[SourceVersionDate "2023.10.10"]
[SourceQuality "1"]

1. d4 d5 2. Nf3 Nf6 3. g3 g6 4. Bg2 Bg7 5. 0-0 0-0 6. Re1 c6 7. c3 Bf5 8. Nbd2 Ne4 9. Nh4 Nd6 10. Nxf5 gxf5 11. Nf3 f6 12. Nh4 e6 13. f3 Re8 14. Bh3 Nd7 15. Kf2 b6 16. Rg1 Nf8 17. b3 Kf7 18. Qd3 Ng6 19. Ng2 Qd7 20. Ba3 Nb5 21. Bb2 Nd6 22. Ba3 Nb5 23. Bb2 Nd6 24. Ne3 h5 25. Ba3 Nb5 26. Bb2 Nd6 27. a4 f4 28. Nc2 f5 29. Ba3 Rh8 30. Rg2 fxg3+ 31. hxg3 Rag8 32. Rag1 h4 33. e3 hxg3+ 34. Rxg3 Bf6 35. Kf1 Bh4 36. R3g2 Be7 37. Rg3 Bh4 38. R3g2 Bf6 39. Rg3 Bh4 1/2-1/2

[Event "Fagernes Norsk op-B"]
[Site "Fagernes"]
[Date "2014.04.13"]
[Round "6"]
[White "Bjornes, Leif"]
[Black "Kizatbay, Alseit"]
[Result "1/2-1/2"]
[WhiteElo "1873"]
[BlackElo "1408"]
[PlyCount "28"]
[EventDate "2014.04.13"]
[EventType "swiss"]
[EventRounds "9"]
[EventCountry "NOR"]
[SourceTitle "EXT 2016"]
[Source "ChessBase"]
[SourceDate "2015.10.08"]
[SourceVersion "1"]
[SourceVersionDate "2015.10.08"]
[SourceQuality "1"]

1. d4 Nf6 2. c4 e6 3. Nc3 d5 4. Bg5 Be7 5. e3 h6 6. Bh4 0-0 7. Nf3 b6 8. cxd5 Nxd5 9. Bxe7 Qxe7 10. Nxd5 exd5 11. Rc1 Be6 12. Qa4 c5 13. Qa3 Rc8 14. Ne5 Nd7 1/2-1/2

[Event "Fagernes Norsk op-B"]
[Site "Fagernes"]
[Date "2014.04.13"]
[Round "3"]
[White "Kizatbay, Alseit"]
[Black "Flaata, Alexander R"]
[Result "1-0"]
[WhiteElo "1408"]
[BlackElo "2111"]
[PlyCount "144"]
[EventDate "2014.04.13"]
[EventType "swiss"]
[EventRounds "9"]
[EventCountry "NOR"]
[SourceTitle "EXT 2016"]
[Source "ChessBase"]
[SourceDate "2015.10.08"]
[SourceVersion "1"]
[SourceVersionDate "2015.10.08"]
[SourceQuality "1"]

1. d4 Nf6 2. Nf3 g6 3. g3 c5 4. c4 Bg7 5. Bg2 0-0 6. 0-0 cxd4 7. Nxd4 Nc6 8. Nc3 Qb6 9. Nc2 d6 10. Rb1 Bf5 11. e4 Bg4 12. Qe1 a6 13. Be3 Qc7 14. b3 Rac8 15. Qd2 Ne5 16. Nd4 Bd7 17. h3 Nc6 18. Nde2 Rfd8 19. Na4 Re8 20. Nb6 Rcd8 21. Rfc1 Bc8 22. Nd5 Qb8 23. Bb6 Rd7 24. b4 e6 25. Nxf6+ Bxf6 26. b5 axb5 27. cxb5 Ne7 28. Nc3 d5 29. exd5 Nxd5 30. Nxd5 exd5 31. Re1 Re6 32. Rxe6 fxe6 33. Rc1 Rf7 34. a4 Bd7 35. Bc7 Qa7 36. Qa5 Qd4 37. Bb6 Qb2 38. Rf1 Kg7 39. Bc5 Qc2 40. Qb4 Qd3 41. Rc1 e5 42. Qc3 Qxc3 43. Rxc3 e4 44. Rc1 Be8 45. Bb6 Be5 46. Rd1 Rd7 47. h4 Rd6 48. Bc7 Re6 49. Bh3 Re7 50. Bd8 Rf7 51. Be6 Rf3 52. Bxd5 Rd3 53. Rxd3 exd3 54. Bxb7 d2 55. Bf3 Kf7 56. Ba5 Ke6 57. Bxd2 Kd6 58. Bf4 Bxf4 59. gxf4 Kc5 60. Kg2 Bf7 61. Bd1 Bd5+ 62. Kg3 Be6 63. Be2 Kb6 64. Bd3 Bb3 65. f5 gxf5 66. Bxf5 Bxa4 67. Bd3 Kc5 68. Kf4 Kd6 69. Kf5 Ke7 70. Ke5 h6 71. f4 Kf7 72. b6 Bc6 1-0